|
|
|
|
| LEADER |
01659cam a2200373 a 4500 |
| 001 |
c000395005 |
| 003 |
CARM |
| 005 |
20131021132022.0 |
| 008 |
131021s1987 vra 000 0 eng d |
| 010 |
|
|
|a 87008790
|
| 019 |
1 |
|
|a 5521381
|z 23049953
|5 LACONCORD2021
|
| 020 |
|
|
|a 0958787905 (pbk.) :
|c price unknown
|
| 035 |
|
|
|a (OCoLC)27622215
|5 LACONCORD2021
|
| 040 |
|
|
|a ANB
|b eng
|c ANB
|d ABN-SNR
|
| 042 |
|
|
|a anuc
|
| 043 |
|
|
|a u-at---
|
| 082 |
0 |
4 |
|a 331.1110994
|2 20
|
| 245 |
0 |
0 |
|a Improving flexibility in local government employment /
|c National Review of Local Government Labour Markets.
|
| 260 |
|
|
|a [Melbourne] :
|b The Review,
|c 1987.
|
| 300 |
|
|
|a 24 p. ;
|c 30 cm.
|
| 490 |
1 |
|
|a Discussion paper / National Review of Local Government Labour Markets,
|x 1030-2840 ;
|v no. 1
|
| 500 |
|
|
|a Available from The Project Manager, National Review of Local Government Labour Markets, G.P.O. Box 241E, Melbourne, Vic. 3001.
|
| 650 |
|
0 |
|a Occupations
|z Australia.
|
| 650 |
|
0 |
|a Employees
|x Recruiting
|z Australia.
|
| 650 |
|
0 |
|a Local government
|z Australia.
|
| 650 |
|
0 |
|a Local officials and employees
|z Australia.
|
| 651 |
|
0 |
|a Australia
|x Labor supply.
|
| 710 |
2 |
|
|a National Review of Local Government Labour Markets (Australia)
|
| 852 |
8 |
|
|b CARM
|p 0595622
|f BK
|
| 852 |
8 |
|
|b SCAN
|h A3:AH13C0
|i F08704
|p 0595622
|f BK
|
| 830 |
|
0 |
|a Discussion paper (National Review of Local Government Labour Markets (Australia)) ;
|v no. 1.
|
| 999 |
f |
f |
|i 8379ff12-9f7b-5f46-8883-e4cebb738ea9
|s efb7dbb3-ac68-5ac8-94aa-3571289d4cb5
|
| 952 |
f |
f |
|p Can circulate
|a CAVAL
|b CAVAL
|c CAVAL
|d CARM 1 Store
|i book
|m 0595622
|
| 952 |
f |
f |
|a CAVAL
|b CAVAL
|c CAVAL
|d Unmapped Location
|e F08704
|f A3:AH13C0
|h Other scheme
|